Funadamentals of Organic Reaction Mechanisms
| Main Author: | |
|---|---|
| Format: | Section = Libro |
| Language: | Undetermined Spanish |
| Published: |
United Stated
John Wiley & Sons
1976
|
| Subjects: |
| LEADER | 00577nam a2200217Ia 4500 | ||
|---|---|---|---|
| 008 | 240830s9999 xx 000 0 und d | ||
| 020 | |a 0-471-35400-7 | ||
| 040 | |a CEDOC FIQ-RUSB / 547 H 313 | ||
| 041 | |a spa | ||
| 082 | |a 547 H 313 | ||
| 100 | 1 | |a Harris, Milton J | |
| 245 | 1 | 0 | |a Funadamentals of Organic Reaction Mechanisms |
| 260 | |a United Stated |b John Wiley & Sons |c 1976 | ||
| 300 | |a 384 p. :il. | ||
| 650 | 7 | |a QUÍMICA ORGÁNICA | |
| 650 | 7 | |b EMOCIONADO | |
| 650 | 7 | |c RADICALES LIBRES | |
| 650 | 7 | |d ORBITAL MOLECULAR | |
| 942 | |c BK |2 ddc | ||
| 991 | |a TEXTO | ||
| 999 | |c 14015 | ||